The story of American democracy / (Record no. 1846)

MARC details
000 -LEADER
fixed length control field 00576nam a2200205 a 4500
003 - CONTROL NUMBER IDENTIFIER
control field BD-DhJNU
005 - DATE AND TIME OF LATEST TRANSACTION
control field 20250630044040.0
008 - FIXED-LENGTH DATA ELEMENTS--GENERAL INFORMATION
fixed length control field 250501s1956 ii a b 001 0 eng
040 ## - CATALOGING SOURCE
Original cataloging agency BD-DhJNU
Language of cataloging ENG
Transcribing agency BD-DhJNU
Modifying agency BD-DhJNU
082 00 - DEWEY DECIMAL CLASSIFICATION NUMBER
Classification number 320.973 CAS
Edition number 23
100 1# - MAIN ENTRY--PERSONAL NAME
Personal name Casner, Mabel B.
245 14 - TITLE STATEMENT
Title The story of American democracy /
Statement of responsibility, etc. Mabel B. Casner and Ralph H. Gabriel
250 ## - EDITION STATEMENT
Edition statement 3rd ed.
260 ## - PUBLICATION, DISTRIBUTION, ETC.
Place of publication, distribution, etc. USA :
Name of publisher, distributor, etc. CSDE,
Date of publication, distribution, etc. 1956.
300 ## - PHYSICAL DESCRIPTION
Extent xiv, 720 p. :
Other physical details ill. ;
Dimensions 25 cm.
504 ## - BIBLIOGRAPHY, ETC. NOTE
Bibliography, etc. note Includes index.
650 #0 - SUBJECT ADDED ENTRY--TOPICAL TERM
Topical term or geographic name entry element Democracy
700 1# - ADDED ENTRY--PERSONAL NAME
Personal name Gabriel, Ralph H.
942 ## - ADDED ENTRY ELEMENTS (KOHA)
Koha item type Books
Holdings
Withdrawn status Lost status Source of classification or shelving scheme Damaged status Not for loan Collection Home library Current library Shelving location Date acquired Source of acquisition Total checkouts Full call number Barcode Date last seen Copy number Price effective from Koha item type
    Dewey Decimal Classification     Non-fiction Jagannath University Central Library Jagannath University Central Library General stacks 06/30/2025 Purchased   320.973 CAS JNUCL1615 06/30/2025 1 06/30/2025 Books